• 首页
  • 本馆介绍
  • 公告通知
  • 最新文献
  • 馆藏检索
  • 电子资源
  • 读者导购
  • 参考咨询
  • 我的图书馆
  • 登录
  • 详细信息显示
  • 放入我的书架
  • 预约/预借图书
  • 作者相关作品
  • 分类相关作品
  • 丛书相关作品
  • 出版社相关作品

书目信息

  • 表格格式
  • 工作单格式
  • 卡片格式
题名:
简单烘焙,简单爱
    
 
作者: Julia 著
分册:  
出版信息: 北京   电子工业出版社  2015.05
页数: 219页
开本: 26cm
丛书名:
单 册:
中图分类: TS213.2
科图分类:
主题词: 粮食加工--食品工业 , 粮食加工
电子资源:
ISBN: 978-7-121-25559-5
000 00570nam0 2200205 450
001 242
005 20160906082813.06
010    @a978-7-121-25559-5@dCNY58.00
100    @a20160721d2015 km y0chiy0120 ea
101 0  @achi
102    @aCN@b110000
200 1  @a简单烘焙,简单爱@Ajian dan hong bei,jian dan ai@fJulia著@FJulia zhu
210    @a北京@c电子工业出版社@d2015.05
215    @a219页@d26cm
606 0  @a粮食加工@x食品工业
606 0  @a粮食加工
690    @aTS213.2@v4
701  0 @aJulia@4著
801  0 @aCN@b唐山师范学院图书馆@c20160721
905    @aZUCC@dTS213.2@e200
    
    简单烘焙,简单爱/Julia著.-北京:电子工业出版社,2015.05
    219页;26cm
    
    
    ISBN 978-7-121-25559-5:CNY58.00
    
●
相关链接 在E读中查询图书 在五车中查询图书 在当当中查询图书 在豆瓣中查询图书


正题名:简单烘焙,简单爱     索取号:TS213.2/200         预约/预借

序号 登录号 条形码 馆藏地/架位号 状态 备注
1 901041   209010416   第二样本阅览室/ [索取号:TS213.2/200] 在馆    
2 901042   209010425   第三借阅区/ [索取号:TS213.2/200] 在馆    
3 901043   209010434   第三借阅区/ [索取号:TS213.2/200] 在馆    
4 901044   209010443   第三借阅区/ [索取号:TS213.2/200] 在馆    
5 901045   209010452   第三借阅区/ [索取号:TS213.2/200] 在馆    
唐山师范学院图书馆 欢迎您!
大连网信软件有限公司© 版权所有